Hệ thống kế toán doanh nghiệp xây lắp /

Chế độ chứng từ kế toán, hệ thống tài khoản kế toán, hệ thống báo cáo tài chính.

সংরক্ষণ করুন:
গ্রন্থ-পঞ্জীর বিবরন
অন্যান্য লেখক: Phùng Thị Đoan (biên tập.), Lê Thị Ho (biên tập.), Vũ Thị Loan (biên tập.)
বিন্যাস: গ্রন্থ
ভাষা:Vietnamese
প্রকাশিত: Hà Nội : Tài chính, 1999.
বিষয়গুলি:
ট্যাগগুলো: ট্যাগ যুক্ত করুন
কোনো ট্যাগ নেই, প্রথমজন হিসাবে ট্যাগ করুন!
Thư viện lưu trữ: Mạng thư viện Đại học Đà Nẵng
LEADER 01146cam a2200373 a 4500
001 000042645
003 519
005 20060331105408.0
008 010217b1999 vm 000 vie
020 |c 85000 
022 |a T 
040 |a IRC  |c IRC  |d IRC 
041 0 |a vie 
082 1 4 |a 657.1  |b Hê-T 
245 0 0 |a Hệ thống kế toán doanh nghiệp xây lắp /  |c Phùng Thị Đoan, Lê Thị Hoà, Vũ Thị Loan,... biên tập. 
260 |a Hà Nội :  |b Tài chính,  |c 1999. 
300 |a 701 tr. ;  |c 25 cm. 
520 3 |a Chế độ chứng từ kế toán, hệ thống tài khoản kế toán, hệ thống báo cáo tài chính. 
630 0 4 |a Kế toán. 
630 0 4 |a Kế toán doanh nghiệp. 
650 0 4 |a Kế toán doanh nghiệp xây lắp. 
700 1 |a Phùng Thị Đoan,  |e biên tập. 
700 1 |a Lê Thị Hoà,  |e biên tập. 
700 1 |a Vũ Thị Loan,  |e biên tập. 
OWN |a DUT 
999 |a From the UDN01 
TYP |a Monograph 
TYP |a Printed language 
980 |a Mạng thư viện Đại học Đà Nẵng